Introduction to linear regression analysis

Saved in:
Bibliographic Details
Main Author: Montgomery, Douglas C.
Other Authors: Peck, Elizabeth A. 1953-
Format: Book
Language:English
Published: New York : John Wiley, c1992
Edition:2nd ed.
Series:Wiley series in probability and mathematical statistics. Applied probability and statistics
Subjects:
Tags: Add Tag
No Tags, Be the first to tag this record!

MARC

LEADER 00000nam a2200000 i 4500
001 1/8510
008 000630s1992 eng d
020 |a 0-471-53387-4 
035 |l 10062698 
040 |a GR-MY-UA  |b gre  |e aacr 
041 0 |a eng 
082 0 |a 519.536 
100 1 |a Montgomery, Douglas C. 
245 1 0 |a Introduction to linear regression analysis /  |c Douglas C. Montgomery, Elizabeth A. Peck 
250 |a 2nd ed. 
260 |a New York :   |b John Wiley,   |c c1992 
300 |a xiv, 527 p.;  |b ill.;  |c 25 cm. 
490 1 |a Wiley series in probability and mathematical statistics. Applied probability and statistics 
504 |a Includes bibliographical references (p. 507-522)and index 
650 0 0 |a Regression analysis. 
700 1 |a Peck, Elizabeth A.  |d 1953- 
830 0 |a Wiley series in probability and mathematical statistics. Applied probability and statistics 
852 |a INST  |b SAMOS  |e 20000630  |h 519.536 MON  |p 005300019313  |q 005300019313  |t BK  |y 0 
901 |a BIBL3-2000-2 
909 |a Σ  |b 078811 
922 |a 3ΕΛΗ  |b 200005  |c ΚΠΣ  |d ΠΑΠΑΣΩΤΗΡΙΟΥ 
950 |a 116-1999-12-31 
970 |a ΜΑΛΑΓΑΡΗ  |b ΦΩΤΕΙΝΗ  |z 2000/07/14